000 00535nam a22001577a 4500
999 _c534729
_d534729
020 _qHard Cover.
082 _a621.3678
100 _aMuhammd Waqar, Mirza
245 _aGeoreferencing of Images by Exploiting Geometric Distortions in Stereo Images of UK DMC /
_cMirza Muhammd Waqar.
260 _aIslamabad :
_bIGIS - NUST,
_c2012.
300 _axiv, 85 p. ill. ;
_c30cm.
942 _2ddc
_cTHE
650 _aGIS & RS - MS Thesis
_929058
700 _aDr. Rafia Mumtaz.
_929059